Rap by letter (#) - Statistics

General Stats
  • This quiz has been taken 4 times
  • The average score is 4 of 10
Answer Stats
Hint Answer % Correct
Rapper, who had famous beef with Biggie Smalls and others east coast rappers. 2Pac
100%
New York born rapper, released his debut album "Get Rich Or Die Tryin'" in 2003. 50 Cent
75%
Eminem's movie, released in 2002. 8 Mile
75%
Dr. Dre's album, has songs called "What's The Difference" and "Still D.R.E.". 2001
25%
Song from the rapper above, featuring Snoop Dogg. 2 Of Amerikaz Most Wanted
25%
Wu-Tang Clan's first album is called: "Enter The Wu-Tang: __ Chambers". 36
25%
Kanye West's album, released in 2008. 808's & Heartbreak
25%
Song from the rapper above, featuring Nate Dogg. 21 Questions
0%
Xzibit's album, released in 1999. 40 Dayz & 40 Nightz
0%
GZA's song from "Liquid Swords" featuring RZA, Ghostface Killah and Killah Priest. 4th Chamber
0%
No matching quizzes found
Score Distribution
Percent of People with Each Score
Percentile by Number Answered
Your Score History
You have not taken this quiz